Giáo trình kinh tế môi trường

Đã lưu trong:
Sonraí Bibleagrafaíochta
Príomhúdar: Hoàng, Xuân Cơ, PGS.TS
Formáid: Leabhar
Foilsithe: Giáo dục 2007
Clibeanna: Cuir Clib Leis
Gan Chlibeanna, Bí ar an gcéad duine leis an taifead seo a chlibeáil!
Thư viện lưu trữ: Mạng thư viện Đại học Đà Nẵng
LEADER 00560nam a2200229 a 4500
001 000029472
003 29214
005 20171030145630.0
008 171030s2007
020 |c 24500 
040 |a LTT 
082 0 |a 333.7  |b HO-C 
100 1 |a Hoàng, Xuân Cơ, PGS.TS 
245 0 0 |a Giáo trình kinh tế môi trường  |c Hoàng Xuân Cơ. 
260 |b Giáo dục  |c 2007 
OWN |a LTT 
999 |a From the UDN01 
TYP |a Monograph 
TYP |a Printed language 
980 |a Mạng thư viện Đại học Đà Nẵng